| 000 | 00637nam a22001937a 4500 | ||
|---|---|---|---|
| 005 | 20251108164833.0 | ||
| 008 | 250721s1991 xx 000 0 ara d | ||
| 082 | 1 | 4 | _a813.909563/شاك |
| 100 | 1 | _aالنابلسي، شاكر | |
| 245 | 1 | 0 |
_aمدار الصحراء : _bدراسة في أدب عبد الرحمن منيف / |
| 264 | 1 |
_aبيروت : _bالمؤسسة العربية للدراسات و النشر، _c1991. |
|
| 300 | _a550ص | ||
| 650 | 1 | 7 | _aالقصص العربية |
| 650 | 1 | 7 | _aالتاريخ الأدبي |
| 650 | 1 | 7 | _aالنقد الأدبي |
| 650 | 1 | 7 | _aالعراق |
| 942 |
_2ddc _cBK |
||
| 999 |
_c15552 _d15552 |
||